LEADER 02498oam 2200697 450 001 9910714350503321 005 20220407132301.0 035 $a(CKB)4100000008521649 035 $a(OCoLC)1091627710 035 $a(EXLCZ)994100000008521649 100 $a20190405d2019 ua 0 101 0 $aeng 135 $aurgn||||||||| 181 $ctxt$2rdacontent 182 $cc$2rdamedia 183 $acr$2rdacarrier 200 10$aProtecting customer network proprietary information in the Internet age $ehearing before the Subcommittee on Communications and Technology of the Committee on Energy and Commerce, House of Representatives, One Hundred Fifteenth Congress, second session, July 11, 2018 210 1$aWashington :$cU.S. Government Publishing Office,$d2019. 215 $a1 online resource (iii, 91 pages) $cillustrations 300 $a"Serial no. 115-148." 320 $aIncludes bibliographical references. 517 $aProtecting Customer Network Proprietary Information in the Internet Age 606 $aPrivacy, Right of$zUnited States 606 $aData protection$xGovernment policy$zUnited States 606 $aTelecommunication$xData processing$xMoral and ethical aspects$zUnited States 606 $aTelecommunication policy$zUnited States 606 $aConsumer protection$zUnited States 606 $aConsumer protection$2fast 606 $aData protection$xGovernment policy$2fast 606 $aPrivacy, Right of$2fast 606 $aTelecommunication policy$2fast 607 $aUnited States$2fast 608 $aLegislative hearings.$2fast 608 $aRules.$2fast 608 $aLegislative hearings.$2lcgft 615 0$aPrivacy, Right of 615 0$aData protection$xGovernment policy 615 0$aTelecommunication$xData processing$xMoral and ethical aspects 615 0$aTelecommunication policy 615 0$aConsumer protection 615 7$aConsumer protection. 615 7$aData protection$xGovernment policy. 615 7$aPrivacy, Right of. 615 7$aTelecommunication policy. 801 0$bGPO 801 1$bGPO 801 2$bSTF 801 2$bOCLCO 801 2$bCOO 801 2$bOCLCO 801 2$bUUM 801 2$bOCLCO 801 2$bOCLCF 801 2$bTXR 801 2$bOCLCO 801 2$bOCLCQ 801 2$bGPO 906 $aBOOK 912 $a9910714350503321 996 $aProtecting customer network proprietary information in the Internet age$93468536 997 $aUNINA